| Tag |
First Indicator |
Second Indicator |
Subfields |
| LEADER |
00000cas a2200000 a 4500 |
| 001 |
in00000085200 |
| 005 |
20240904162649.2 |
| 008 |
750824d19541990enkmr p o 0 a0eng c |
| 010 |
|
|
|a 59052240
|z 83643093
|z sc 83003311
|z sn 83010290
|z 83644740
|
| 016 |
7 |
|
|a 009542772
|2 Uk
|
| 019 |
|
|
|a 8239574
|a 8705339
|a 9740102
|
| 022 |
0 |
|
|a 0015-167X
|l 0015-167X
|2 z
|
| 029 |
1 |
|
|a NZ1
|b 3719886
|
| 029 |
1 |
|
|a AU@
|b 000000902020
|
| 029 |
1 |
|
|a AU@
|b 000007292454
|
| 029 |
1 |
|
|a AU@
|b 000024058674
|
| 029 |
1 |
|
|a NZ1
|b 13711007
|
| 029 |
1 |
|
|a NZ1
|b 1468282
|
| 035 |
|
|
|a (OCoLC)ocm01569213
|
| 040 |
|
|
|a MUL
|b eng
|c MUL
|d FUL
|d YUS
|d NSD
|d DLC
|d NST
|d IUL
|d OCL
|d DLC
|d NST
|d WAU
|d ELM
|d NST
|d HUL
|d NST
|d HUL
|d IUL
|d OCLCQ
|d CUV
|d OCLCQ
|d UKMGB
|d ORZ
|d OCLCQ
|d OCLCF
|d OCLCO
|d UtOrBLW
|
| 042 |
|
|
|a nsdp
|a pcc
|
| 049 |
|
|
|a TXAM
|
| 050 |
0 |
0 |
|a PN1993
|b .F64725
|
| 082 |
0 |
0 |
|a 791.43/05
|2 19
|
| 222 |
|
0 |
|a Films and filming
|
| 245 |
0 |
0 |
|a Films and filming.
|
| 246 |
3 |
|
|a Films & filming
|
| 246 |
1 |
|
|i Some issues have title:
|a Films & filming incorporating Focus on film
|
| 264 |
|
1 |
|a London :
|b Hansom Books.
|
| 300 |
|
|
|a volumes :
|b illustrations. ;
|c 28 cm.
|
| 310 |
|
|
|a Monthly
|
| 336 |
|
|
|a text
|b txt
|2 rdacontent
|
| 337 |
|
|
|a unmediated
|b n
|2 rdamedia
|
| 338 |
|
|
|a volume
|b nc
|2 rdacarrier
|
| 362 |
1 |
|
|a Began with: Vol. 1, no. 1 (Oct. 1954).
|
| 362 |
1 |
|
|a ceased with no. 425 (Mar. 1990).
|z Cf. Letter from Blackwell.
|
| 500 |
|
|
|a Published by: Hansom Books, 1954-1980; Brevet Pub. Ltd., Oct. 1981-June 1987; Plusloop Ltd. July 1987-Feb. 1989; Orpheus Pub. Ltd. Mar. 1989-
|
| 515 |
|
|
|a Issues for Mar. 1971-Mar. 1990 called also: Issue no. 198-425.
|
| 515 |
|
|
|a Suspended publication July 1980-Sept. 1981.
|
| 515 |
|
|
|a Nos. 310-324 were never published.
|
| 530 |
|
|
|a Also issued online.
|
| 588 |
|
|
|a Description based on: Vol. 16, no. 11 (Aug. 1970); title from cover.
|
| 588 |
|
|
|a Latest issue consulted: Issue no. 424 (Feb. 1990).
|
| 500 |
|
|
|a The Cushing Library/Women & Gender Studies copies were acquired as part of The Don Kelly Research Collection of Gay Literature and Culture.
|5 TXA
|
| 650 |
|
0 |
|a Motion pictures
|v Periodicals.
|0 http://id.loc.gov/authorities/subjects/sh85088102
|
| 650 |
|
0 |
|a Motion pictures
|v Reviews
|v Periodicals.
|0 http://id.loc.gov/authorities/subjects/sh2008108038
|
| 650 |
|
7 |
|a Motion pictures.
|2 fast
|0 (OCoLC)fst01027285
|
| 655 |
|
7 |
|a Periodicals.
|2 fast
|0 (OCoLC)fst01411641
|
| 655 |
|
7 |
|a Reviews.
|2 fast
|0 (OCoLC)fst01423760
|
| 776 |
0 |
8 |
|i Online version:
|t Films and filming
|w (OCoLC)557454474
|
| 780 |
0 |
5 |
|t Focus on film
|x 0015-5128
|w (DLC) 80647749
|w (OCoLC)830061
|
| 785 |
0 |
4 |
|t Film review (London, England : monthly)
|w (DLC) 90656256
|w (OCoLC)5215241
|
| 850 |
|
|
|a AU
|a CLSU
|a CU-I
|a CU-S
|a CU-SB
|a CaOONL
|a DLC
|a FU
|a IaU
|a InU
|a KyU
|a MH
|a MiDW
|a MiU
|a MoU
|a NRU
|a NSyU
|a NhD
|a NjR
|a OCU
|a OkU
|a OrU
|a TxDaM
|a UPB
|a VtMiM
|a WaU
|
| 891 |
2 |
0 |
|9 853
|8 1
|a v.
|u 12
|v r
|i (year)
|w m
|
| 891 |
4 |
1 |
|9 863
|8 1.1
|a 1
|i 1954
|
| 994 |
|
|
|a C0
|b TXA
|
| 949 |
|
|
|a updated
|b h
|c 2016/6/6
|e coplinger
|f 3:19:58 pm
|
| 999 |
f |
f |
|s 477735d3-27e9-3b61-91ff-0f2b6efd1524
|i cd9344bc-c3dc-388e-8054-cb5a33b894d8
|t 0
|
| 952 |
f |
f |
|p serial
|a Texas A&M University
|b College Station
|c Sterling C. Evans Library
|d Evans: Library Stacks
|t 0
|e PN1993 .F64725
|h Library of Congress classification
|i unmediated -- volume
|k v.19:no.1-6
|l 1972/1973:Oct.-Mar.
|m A14850346124
|
| 952 |
f |
f |
|p serial
|a Texas A&M University
|b College Station
|c Sterling C. Evans Library
|d Evans: Library Stacks
|t 0
|e PN1993 .F64725
|h Library of Congress classification
|i unmediated -- volume
|k v.23:no.1-6
|l 1976/1977:Oct.-Mar.
|m A14850346140
|
| 952 |
f |
f |
|p serial
|a Texas A&M University
|b College Station
|c Sterling C. Evans Library
|d Evans: Library Stacks
|t 0
|e PN1993 .F64725
|h Library of Congress classification
|i unmediated -- volume
|k v.9:no.4-6
|l 1963:Jan.-Mar.
|m A14850088643
|
| 952 |
f |
f |
|p serial
|a Texas A&M University
|b College Station
|c Sterling C. Evans Library
|d Evans: Library Stacks
|t 0
|e PN1993 .F64725
|h Library of Congress classification
|i unmediated -- volume
|k v.19:no.7-12
|l 1973:Apr.-Sept.
|m A14850346132
|
| 952 |
f |
f |
|p serial
|a Texas A&M University
|b College Station
|c Sterling C. Evans Library
|d Evans: Library Stacks
|t 0
|e PN1993 .F64725
|h Library of Congress classification
|i unmediated -- volume
|k v.13:no.7-12
|l 1967:Apr.-Sept.
|m A14850345985
|
| 952 |
f |
f |
|p serial
|a Texas A&M University
|b College Station
|c Sterling C. Evans Library
|d Evans: Library Stacks
|t 0
|e PN1993 .F64725
|h Library of Congress classification
|i unmediated -- volume
|k v.11:no.4-6
|l 1965:Jan.-Mar.
|m A14850088585
|
| 952 |
f |
f |
|p serial
|a Texas A&M University
|b College Station
|c Sterling C. Evans Library
|d Evans: Library Stacks
|t 0
|e PN1993 .F64725
|h Library of Congress classification
|i unmediated -- volume
|k v.18:no.1-6
|l 1971/1972:Oct.-Mar.
|m A14850346108
|
| 952 |
f |
f |
|p serial
|a Texas A&M University
|b College Station
|c Sterling C. Evans Library
|d Evans: Library Stacks
|t 0
|e PN1993 .F64725
|h Library of Congress classification
|i unmediated -- volume
|k v.21:no.7-12
|l 1975:Apr.-Sept.
|m A14850339517
|
| 952 |
f |
f |
|p serial
|a Texas A&M University
|b College Station
|c Sterling C. Evans Library
|d Evans: Library Stacks
|t 0
|e PN1993 .F64725
|h Library of Congress classification
|i unmediated -- volume
|k v.10:no.10-12
|l 1964:July-Sept.
|m A14850088635
|
| 952 |
f |
f |
|p serial
|a Texas A&M University
|b College Station
|c Sterling C. Evans Library
|d Evans: Library Stacks
|t 0
|e PN1993 .F64725
|h Library of Congress classification
|i unmediated -- volume
|k v.9:no.10-12
|l 1963:July-Sept.
|m A14850088676
|
| 952 |
f |
f |
|p serial
|a Texas A&M University
|b College Station
|c Sterling C. Evans Library
|d Evans: Library Stacks
|t 0
|e PN1993 .F64725
|h Library of Congress classification
|i unmediated -- volume
|k v.3:no.1-4
|l 1956/1957:Oct.-Jan.
|m A14850345878
|
| 952 |
f |
f |
|p serial
|a Texas A&M University
|b College Station
|c Sterling C. Evans Library
|d Evans: Library Stacks
|t 0
|e PN1993 .F64725
|h Library of Congress classification
|i unmediated -- volume
|k v.20:no.1-6
|l 1973/1974:Oct.-Mar.
|m A14850346066
|
| 952 |
f |
f |
|p serial
|a Texas A&M University
|b College Station
|c Sterling C. Evans Library
|d Evans: Library Stacks
|t 0
|e PN1993 .F64725
|h Library of Congress classification
|i unmediated -- volume
|k v.12:no.1-6
|l 1965/1966:Oct.-Mar.
|m A14850106858
|
| 952 |
f |
f |
|p serial
|a Texas A&M University
|b College Station
|c Sterling C. Evans Library
|d Evans: Library Stacks
|t 0
|e PN1993 .F64725
|h Library of Congress classification
|i unmediated -- volume
|k v.11:no.10-12
|l 1965:July-Sept.
|m A14850099087
|
| 952 |
f |
f |
|p serial
|a Texas A&M University
|b College Station
|c Sterling C. Evans Library
|d Evans: Library Stacks
|t 0
|e PN1993 .F64725
|h Library of Congress classification
|i unmediated -- volume
|k v.6
|l 1959/1960
|m A14850345936
|
| 952 |
f |
f |
|p serial
|a Texas A&M University
|b College Station
|c Sterling C. Evans Library
|d Evans: Library Stacks
|t 0
|e PN1993 .F64725
|h Library of Congress classification
|i unmediated -- volume
|k v.10:no.1-3
|l 1963:Oct.-Dec.
|m A14850088601
|
| 952 |
f |
f |
|p noncirc
|a Texas A&M University
|b College Station
|c Cushing Memorial Library & Archives
|d Cushing: Women & Gender Studies (Does not check out)
|t 0
|e PN1993 .F64725
|h Library of Congress classification
|i unmediated -- volume
|k v.19:no.4=no.220
|l 1973:Jan.
|m A1485334678G
|
| 952 |
f |
f |
|p serial
|a Texas A&M University
|b College Station
|c Sterling C. Evans Library
|d Evans: Library Stacks
|t 0
|e PN1993 .F64725
|h Library of Congress classification
|i unmediated -- volume
|k v.12:no.7-12
|l 1966:Apr.-Sept.
|m A14850106866
|
| 952 |
f |
f |
|p serial
|a Texas A&M University
|b College Station
|c Sterling C. Evans Library
|d Evans: Library Stacks
|t 0
|e PN1993 .F64725
|h Library of Congress classification
|i unmediated -- volume
|k v.18:no.7-12
|l 1972:Apr.-Sept.
|m A14850346116
|
| 952 |
f |
f |
|p serial
|a Texas A&M University
|b College Station
|c Sterling C. Evans Library
|d Evans: Library Stacks
|t 0
|e PN1993 .F64725
|h Library of Congress classification
|i unmediated -- volume
|k v.7
|l 1960/1961
|m A14850345944
|
| 952 |
f |
f |
|p serial
|a Texas A&M University
|b College Station
|c Sterling C. Evans Library
|d Evans: Library Stacks
|t 0
|e PN1993 .F64725
|h Library of Congress classification
|i unmediated -- volume
|k v.26:no.1-9
|l 1979/1980:Oct.-June
|m A14850088528
|
| 952 |
f |
f |
|p serial
|a Texas A&M University
|b College Station
|c Sterling C. Evans Library
|d Evans: Library Stacks
|t 0
|e PN1993 .F64725
|h Library of Congress classification
|i unmediated -- volume
|k v.23:no.7-12
|l 1977:Apr.-Sept.
|m A14850346157
|
| 952 |
f |
f |
|p serial
|a Texas A&M University
|b College Station
|c Sterling C. Evans Library
|d Evans: Library Stacks
|t 0
|e PN1993 .F64725
|h Library of Congress classification
|i unmediated -- volume
|k v.13:no.1-6
|l 1966/1967:Oct.-Mar.
|m A14850345977
|
| 952 |
f |
f |
|p noncirc
|a Texas A&M University
|b College Station
|c Cushing Memorial Library & Archives
|d Cushing: Women & Gender Studies (Does not check out)
|t 0
|e PN1993 .F64725
|h Library of Congress classification
|i unmediated -- volume
|k v.17:no.7=no.199
|l 1971:Apr.
|m A1485391465D
|
| 952 |
f |
f |
|p serial
|a Texas A&M University
|b College Station
|c Sterling C. Evans Library
|d Evans: Library Stacks
|t 0
|e PN1993 .F64725
|h Library of Congress classification
|i unmediated -- volume
|k v.16:no.10-12
|l 1970:July-Sept.
|m A14850088569
|
| 952 |
f |
f |
|p serial
|a Texas A&M University
|b College Station
|c Sterling C. Evans Library
|d Evans: Library Stacks
|t 0
|e PN1993 .F64725
|h Library of Congress classification
|i unmediated -- volume
|k v.11:no.1-3
|l 1964:Oct.-Dec.
|m A14850088577
|
| 952 |
f |
f |
|p serial
|a Texas A&M University
|b College Station
|c Sterling C. Evans Library
|d Evans: Library Stacks
|t 0
|e PN1993 .F64725
|h Library of Congress classification
|i unmediated -- volume
|k v.11:no.7-9
|l 1965:Apr.-June
|m A14850088593
|
| 952 |
f |
f |
|p serial
|a Texas A&M University
|b College Station
|c Sterling C. Evans Library
|d Evans: Library Stacks
|t 0
|e PN1993 .F64725
|h Library of Congress classification
|i unmediated -- volume
|k v.21:no.1-6
|l 1974/1975:Oct.-Mar.
|m A14850339509
|
| 952 |
f |
f |
|p serial
|a Texas A&M University
|b College Station
|c Sterling C. Evans Library
|d Evans: Library Stacks
|t 0
|e PN1993 .F64725
|h Library of Congress classification
|i unmediated -- volume
|k v.14:no.1-6
|l 1967/1968:Oct.-Mar.
|m A14850345993
|
| 952 |
f |
f |
|p serial
|a Texas A&M University
|b College Station
|c Sterling C. Evans Library
|d Evans: Library Stacks
|t 0
|e PN1993 .F64725
|h Library of Congress classification
|i unmediated -- volume
|k v.1:no.1-6
|l 1954/1955:Oct.-Mar.
|m A14850339483
|
| 952 |
f |
f |
|p serial
|a Texas A&M University
|b College Station
|c Sterling C. Evans Library
|d Evans: Library Stacks
|t 0
|e PN1993 .F64725
|h Library of Congress classification
|i unmediated -- volume
|k v.2
|l 1955/1966
|m A14850345860
|
| 952 |
f |
f |
|p serial
|a Texas A&M University
|b College Station
|c Sterling C. Evans Library
|d Evans: Library Stacks
|t 0
|e PN1993 .F64725
|h Library of Congress classification
|i unmediated -- volume
|k v.10:no.7-9
|l 1964:Apr.-June
|m A14850088627
|
| 952 |
f |
f |
|p serial
|a Texas A&M University
|b College Station
|c Sterling C. Evans Library
|d Evans: Library Stacks
|t 0
|e PN1993 .F64725
|h Library of Congress classification
|i unmediated -- volume
|k v.14:no.7-12
|l 1968:Apr.-Sept.
|m A14850346009
|
| 952 |
f |
f |
|p serial
|a Texas A&M University
|b College Station
|c Sterling C. Evans Library
|d Evans: Library Stacks
|t 0
|e PN1993 .F64725
|h Library of Congress classification
|i unmediated -- volume
|k v.9:no.7-9
|l 1963:Apr.-June
|m A14850088668
|
| 952 |
f |
f |
|p serial
|a Texas A&M University
|b College Station
|c Sterling C. Evans Library
|d Evans: Library Stacks
|t 0
|e PN1993 .F64725
|h Library of Congress classification
|i unmediated -- volume
|k v.24:no.1-6
|l 1977/1978:Oct.-Mar.
|m A14850346165
|
| 952 |
f |
f |
|p noncirc
|a Texas A&M University
|b College Station
|c Cushing Memorial Library & Archives
|d Cushing: Women & Gender Studies (Does not check out)
|t 0
|e PN1993 .F64725
|h Library of Congress classification
|i unmediated -- volume
|k v.20:no.10=no.238
|l 1974:July
|m A14853346809
|
| 952 |
f |
f |
|p serial
|a Texas A&M University
|b College Station
|c Sterling C. Evans Library
|d Evans: Library Stacks
|t 0
|e PN1993 .F64725
|h Library of Congress classification
|i unmediated -- volume
|k v.17:no.9-12
|l 1971:June-Sept.
|m A14850346058
|
| 952 |
f |
f |
|p noncirc
|a Texas A&M University
|b College Station
|c Cushing Memorial Library & Archives
|d Cushing: Women & Gender Studies (Does not check out)
|t 0
|e PN1993 .F64725
|h Library of Congress classification
|i unmediated -- volume
|k v.21:no.8=no.248
|l 1975:May
|m A14853461021
|
| 952 |
f |
f |
|p serial
|a Texas A&M University
|b College Station
|c Sterling C. Evans Library
|d Evans: Library Stacks
|t 0
|e PN1993 .F64725
|h Library of Congress classification
|i unmediated -- volume
|k v.16:no.4-6
|l 1970:Jan.-Mar.
|m A14850088544
|
| 952 |
f |
f |
|p noncirc
|a Texas A&M University
|b College Station
|c Cushing Memorial Library & Archives
|d Cushing: Women & Gender Studies (Does not check out)
|t 0
|e PN1993 .F64725
|h Library of Congress classification
|i unmediated -- volume
|k v.14:no.12
|l 1968:Sept.
|m A1485334677F
|
| 952 |
f |
f |
|p serial
|a Texas A&M University
|b College Station
|c Sterling C. Evans Library
|d Evans: Library Stacks
|t 0
|e PN1993 .F64725
|h Library of Congress classification
|i unmediated -- volume
|k v.9:no.1-3
|l 1962:Oct.-Dec.
|m A14850088650
|
| 952 |
f |
f |
|p serial
|a Texas A&M University
|b College Station
|c Sterling C. Evans Library
|d Evans: Library Stacks
|t 0
|e PN1993 .F64725
|h Library of Congress classification
|i unmediated -- volume
|k v.24:no.7-12
|l 1978:Apr.-Sept.
|m A14850346173
|
| 952 |
f |
f |
|p serial
|a Texas A&M University
|b College Station
|c Sterling C. Evans Library
|d Evans: Library Stacks
|t 0
|e PN1993 .F64725
|h Library of Congress classification
|i unmediated -- volume
|k v.17:no.1-4
|l 1970/1971:Oct.-Jan.
|m A14850346033
|
| 952 |
f |
f |
|p serial
|a Texas A&M University
|b College Station
|c Sterling C. Evans Library
|d Evans: Library Stacks
|t 0
|e PN1993 .F64725
|h Library of Congress classification
|i unmediated -- volume
|k v.5:no.10-12
|l 1959:Jan.-Sept.
|m A14850345928
|
| 952 |
f |
f |
|p serial
|a Texas A&M University
|b College Station
|c Sterling C. Evans Library
|d Evans: Library Stacks
|t 0
|e PN1993 .F64725
|h Library of Congress classification
|i unmediated -- volume
|k v.10:no.4-6
|l 1964:Jan.-Mar.
|m A14850088619
|
| 952 |
f |
f |
|p serial
|a Texas A&M University
|b College Station
|c Sterling C. Evans Library
|d Evans: Library Stacks
|t 0
|e PN1993 .F64725
|h Library of Congress classification
|i unmediated -- volume
|k v.22:no.1-6
|l 1975/1976:Oct.-Mar.
|m A14850339525
|
| 952 |
f |
f |
|p serial
|a Texas A&M University
|b College Station
|c Sterling C. Evans Library
|d Evans: Library Stacks
|t 0
|e PN1993 .F64725
|h Library of Congress classification
|i unmediated -- volume
|k v.22:no.7-12
|l 1976:Apr.-Sept.
|m A14850339533
|
| 952 |
f |
f |
|p serial
|a Texas A&M University
|b College Station
|c Sterling C. Evans Library
|d Evans: Library Stacks
|t 0
|e PN1993 .F64725
|h Library of Congress classification
|i unmediated -- volume
|k v.8:no.7-12
|l 1962:Apr.-Sept.
|m A14850345969
|
| 952 |
f |
f |
|p serial
|a Texas A&M University
|b College Station
|c Sterling C. Evans Library
|d Evans: Library Stacks
|t 0
|e PN1993 .F64725
|h Library of Congress classification
|i unmediated -- volume
|k v.17:no.5-8
|l 1971:Feb.-May
|m A14850346041
|
| 952 |
f |
f |
|p serial
|a Texas A&M University
|b College Station
|c Sterling C. Evans Library
|d Evans: Library Stacks
|t 0
|e PN1993 .F64725
|h Library of Congress classification
|i unmediated -- volume
|k v.15:no.7-12
|l 1969:Apr.-Sept.
|m A14850346025
|
| 952 |
f |
f |
|p serial
|a Texas A&M University
|b College Station
|c Sterling C. Evans Library
|d Evans: Library Stacks
|t 0
|e PN1993 .F64725
|h Library of Congress classification
|i unmediated -- volume
|k v.15:no.1-6
|l 1968/1969:Oct.-Mar.
|m A14850346017
|
| 952 |
f |
f |
|p serial
|a Texas A&M University
|b College Station
|c Sterling C. Evans Library
|d Evans: Library Stacks
|t 0
|e PN1993 .F64725
|h Library of Congress classification
|i unmediated -- volume
|k v.5:no.1-3
|l 1958:Oct.-Dec.
|m A14850345902
|
| 952 |
f |
f |
|p serial
|a Texas A&M University
|b College Station
|c Sterling C. Evans Library
|d Evans: Library Stacks
|t 0
|e PN1993 .F64725
|h Library of Congress classification
|i unmediated -- volume
|k v.3:no.5-12
|l 1957:Feb.-Sept.
|m A14850345886
|
| 952 |
f |
f |
|p serial
|a Texas A&M University
|b College Station
|c Sterling C. Evans Library
|d Evans: Library Stacks
|t 0
|e PN1993 .F64725
|h Library of Congress classification
|i unmediated -- volume
|k v.20:no.7-12
|l 1974:Apr.-Sept.
|m A14850346074
|
| 952 |
f |
f |
|p serial
|a Texas A&M University
|b College Station
|c Sterling C. Evans Library
|d Evans: Library Stacks
|t 0
|e PN1993 .F64725
|h Library of Congress classification
|i unmediated -- volume
|k v.16:no.1-3
|l 1969:Oct.-Dec.
|m A14850088536
|
| 952 |
f |
f |
|p noncirc
|a Texas A&M University
|b College Station
|c Cushing Memorial Library & Archives
|d Cushing: Women & Gender Studies (Does not check out)
|t 0
|e PN1993 .F64725
|h Library of Congress classification
|i unmediated -- volume
|k v.20:no.7=no.235
|l 1974:Apr.
|m A1485334679H
|
| 952 |
f |
f |
|p serial
|a Texas A&M University
|b College Station
|c Sterling C. Evans Library
|d Evans: Library Stacks
|t 0
|e PN1993 .F64725
|h Library of Congress classification
|i unmediated -- volume
|k v.4
|l 1957/1958
|m A14850345894
|
| 952 |
f |
f |
|p serial
|a Texas A&M University
|b College Station
|c Sterling C. Evans Library
|d Evans: Library Stacks
|t 0
|e PN1993 .F64725
|h Library of Congress classification
|i unmediated -- volume
|k v.1:no.7-12
|l 1955:Apr.-Sept.
|m A14850339491
|
| 952 |
f |
f |
|p serial
|a Texas A&M University
|b College Station
|c Sterling C. Evans Library
|d Evans: Library Stacks
|t 0
|e PN1993 .F64725
|h Library of Congress classification
|i unmediated -- volume
|k v.25:no.7-12
|l 1979:Apr.-Sept.
|m A14850346090
|
| 952 |
f |
f |
|p serial
|a Texas A&M University
|b College Station
|c Sterling C. Evans Library
|d Evans: Library Stacks
|t 0
|e PN1993 .F64725
|h Library of Congress classification
|i unmediated -- volume
|k .8:no.1-6
|l 1961/1962:Oct.-Mar.
|m A14850345951
|
| 952 |
f |
f |
|p serial
|a Texas A&M University
|b College Station
|c Sterling C. Evans Library
|d Evans: Library Stacks
|t 0
|e PN1993 .F64725
|h Library of Congress classification
|i unmediated -- volume
|k v.25:no.1-6
|l 1978/1979:Oct.-Mar.
|m A14850346082
|
| 952 |
f |
f |
|p serial
|a Texas A&M University
|b College Station
|c Sterling C. Evans Library
|d Evans: Library Stacks
|t 0
|e PN1993 .F64725
|h Library of Congress classification
|i unmediated -- volume
|k v.16:no.7-9
|l 1970:Apr.-June
|m A14850088551
|
| 998 |
f |
f |
|a PN1993 .F64725
|s v.26:no.1-9 (1979/1980:Oct.-June)
|t 0
|l Evans: Library Stacks
|
| 998 |
f |
f |
|a PN1993 .F64725
|s v.21:no.8 (1975:May)=no.248
|t 0
|l Cushing: Women & Gender Studies (Does not check out)
|